[Event "Temuco op 2nd"]
[Site "Temuco"]
[Date "2025.01.10"]
[Round "1"]
[White "Munoz Ramos, Christopher Matias"]
[Black "Saez Tobar, Alexander"]
[Result "1-0"]
[WhiteElo "2219"]
[BlackElo "1665"]
[PlyCount "73"]
[EventDate "2025.01.10"]
[EventType "swiss"]
[EventRounds "9"]
[EventCountry "CHI"]
[SourceTitle "CB04_2025"]
[SourceDate "2025.01.22"]
[SourceVersion "1"]
[SourceVersionDate "2025.01.22"]
[SourceQuality "1"]

1. d4 d5 2. c4 e6 3. Nf3 Nf6 4. Nc3 Be7 5. Bf4 Bd6 6. Bg5 Be7 7. e3 b6 8. Bf4 c6 9. Bd3 0-0 10. Ne5 Bb7 11. 0-0 Nbd7 12. Qf3 dxc4 13. Bxc4 Nxe5 14. Bxe5 Qc8 15. Bd3 Nd7 16. Qh3 g6 17. Bf4 c5 18. Rac1 a6 19. Rfd1 Bc6 20. Ne4 Bd5 21. dxc5 bxc5 22. Nc3 Bc6 23. Qg3 Nf6 24. Be5 Nh5 25. Qh3 Rd8 26. Be2 Rxd1+ 27. Rxd1 Ng7 28. Bc4 Qb7 29. Ne2 Bd5 30. Bxd5 exd5 31. Nf4 Rd8 32. Qf3 Ne6 33. Nxd5 Kf8 34. e4 Bd6 35. Bc3 Qb8 36. Qf6 Kg8 37. Qh8# 1-0